000 00773nam a2200229 a 4500
001 46473
003 BD-RjUL
005 20211209054145.0
008 160802s1959 enk 0 eng d
035 _a(BD-RjUL)46591
040 _aNUN
_beng
_cNUN
041 _aeng
082 0 4 _a328.42
_223
_bHAP 1959
110 2 _aHansard Society for Parliamentary Government.
_9128873
245 1 0 _aParliamentary reform, 1933-1958 :
_ba survey of suggested reforms. /
_cHansard Society for Parliamentary Government.
260 _aLondon :
_bHansard Soc. for Parl. Govt.,,
_c1959.
300 _a[20], 246 p ;
_c27 cm.
500 _aInclude index
610 1 0 _aGreat Britain.
_bParliament
_9141944
710 _aHansard Society for Parliamentary Government.
_9128873
942 _2ddc
_cBK
999 _c46473
_d46473